000 00493nam a22001812 4500
001 0000001472
005 20170406113450.0
008 140114s xx 000 0 eng d
020 _c$
040 _aYour Holding Symbol
_cYour Holding Symbol
100 1 _aHannon,Peter.
245 1 0 _aSouthern Africa :
_bwhat kind of change.
250 _a ed.
260 _ajohannesburg :
_bGrosvenor,
_c2000.
300 _a 136 p. ;
_c cm.
650 0 _aSouthern africa.
908 _a140114
999 _c1385
_d1385